[Event "Let's Play Chess!"]
[Site "http://www.queenalice.com/game.php?id=165089"]
[Date "2007.2.7"]
[Round "-"]
[White "catlinb"]
[Black "uri65"]
[Result "0-1"]
[WhiteElo "1512"]
[BlackElo "1611"]

1. d4 d5 2. c4 c6 3. Nf3 Nf6 4. e3 e6 5. Nc3 Bb4 6. Bd3 O-O 7. O-O dxc4 8. Bxc4
b5 9. Bb3 Re8 10. a3 Ba5 11. Qc2 Nbd7 12. Bd2 c5 13. Nxb5 cxd4 14. Nd6 Re7 15.
Nxd4 Bxd2 16. Qxd2 Nb6 17. N4b5 Rd7 18. Rad1 Ba6 19. Qe2 Rxd6 20. Rxd6 Qxd6 21.
Nxd6 Bxe2 0-1

[Event "Challenge"]
[Site "http://www.queenalice.com/game.php?id=170076"]
[Date "2007.2.17"]
[Round "-"]
[White "catlinb"]
[Black "jumping"]
[Result "1-0"]
[WhiteElo "1532"]
[BlackElo "1260"]

1. e4 e5 2. Nf3 Nc6 3. Bb5 Nf6 4. O-O Nxe4 5. d4 a6 6. Bxc6 dxc6 7. Re1 Bf5 8.
Nxe5 Qf6 9. Bf4 Bd6 10. Nd2 O-O 11. Nxe4 Bxe4 12. Rxe4 Rad8 13. Qf3 Bxe5 14.
dxe5 Qe7 15. Rd1 Rxd1+ 16. Qxd1 Rd8 17. Rd4 Rxd4 18. Qxd4 c5 19. Qe4 c6 20. c4
Qd7 21. h3 g6 22. Bh6 b5 23. Qf4 b4 24. Qf6 Qd4 25. Qg7# 1-0

[Event "Challenge"]
[Site "http://www.queenalice.com/game.php?id=170077"]
[Date "2007.2.17"]
[Round "-"]
[White "jumping"]
[Black "catlinb"]
[Result "1-0"]
[WhiteElo "913"]
[BlackElo "1533"]

1. e4 c5 2. Nf3 d6 3. Bb5+ Bd7 4. Nc3 Bxb5 5. Nxb5 a6 6. Nc3 Nf6 7. d4 cxd4 8.
Nxd4 e5 9. Nf5 g6 10. Ne3 Nc6 11. Ncd5 Nxd5 12. Nxd5 Nd4 13. O-O Rc8 14. c3 Nc6
15. Be3 Ne7 16. Nf6# 1-0

[Event "Challenge"]
[Site "http://www.queenalice.com/game.php?id=170078"]
[Date "2007.2.17"]
[Round "-"]
[White "jumping"]
[Black "catlinb"]
[Result "0-1"]
[WhiteElo "1504"]
[BlackElo "1501"]

1. d4 Nf6 2. Nc3 g6 3. e4 d6 4. Nf3 Bg7 5. Nd5 Nxe4 6. Be3 c5 7. dxc5 Bxb2 8.
Rb1 Qa5+ 9. Bd2 Bc3 10. Bxc3 Nxc3 11. Nxc3 Qxc5 12. Nb5 a6 13. Nc3 Qxc3+ 14. Qd2
Qxd2+ 15. Nxd2 Bf5 16. Bd3 Bxd3 17. cxd3 b5 18. O-O O-O 19. Rfe1 Nc6 20. Rbc1
Rac8 21. Nb3 Rc7 22. d4 Rfc8 23. d5 Nb4 24. Rxc7 Rxc7 25. Nc1 Nxd5 26. Rd1 e6
27. Nd3 Nc3 28. Rd2 f5 29. Nf4 Nxa2 30. g3 Rc1+ 31. Kg2 Nc3 32. Rxd6 e5 33. Rd8+
Kf7 34. Rd7+ Kf6 35. Rd6+ Ke7 36. Rxa6 exf4 37. gxf4 b4 38. Rb6 Rb1 39. Rb7+ Kf6
40. Rb6+ Kg7 41. Rb7+ Kh6 42. h4 b3 43. Kf3 b2 44. Ke3 Re1+ 45. Kd2 b1=R 46.
Rxb1 Rxb1 0-1

[Event "Let's Play Chess!"]
[Site "http://www.queenalice.com/game.php?id=172411"]
[Date "2007.2.22"]
[Round "-"]
[White "trallala"]
[Black "catlinb"]
[Result "1-0"]
[WhiteElo "1832"]
[BlackElo "1536"]

1. d4 Nf6 2. c4 g6 3. Nc3 d5 4. Nf3 Bg7 5. Qb3 dxc4 6. Qxc4 O-O 7. e4 a6 8. Be2
b5 9. Qb3 c5 10. dxc5 Bb7 11. O-O Nxe4 12. Nxe4 Bxe4 13. Bg5 Nc6 14. Qe3 Qd5 15.
Rad1 Qe6 16. Bh6 Bc2 17. Rd2 Qxe3 18. Bxe3 Bf5 19. a3 Rad8 20. Rfd1 Rxd2 21.
Rxd2 Rd8 22. Rxd8+ Nxd8 23. Nd4 Be4 24. b4 Nc6 25. Nxc6 Bxc6 26. Bc1 Be5 27. Kf1
Kg7 28. g3 Kf6 29. Bg4 h5 30. Bc8 Bc7 31. Bxa6 Ke5 32. Bf4+ 1-0

[Event "AUTO-INT-357"]
[Site "http://www.queenalice.com/game.php?id=172701"]
[Date "2007.2.22"]
[Round "1"]
[White "xmas"]
[Black "catlinb"]
[Result "1-0"]
[WhiteElo "1702"]
[BlackElo "1509"]

1. e4 c5 2. Nf3 d6 3. Nc3 Nf6 4. d4 cxd4 5. Nxd4 a6 6. Bg5 e6 7. Qf3 Be7 8. Be2
Bd7 9. O-O O-O 10. Bd3 Nc6 11. Nxc6 Bxc6 12. Qe2 h6 13. Bh4 Nd7 14. Bxe7 Qxe7
15. a4 Nc5 16. Bc4 Qd7 17. b3 d5 18. exd5 exd5 19. Rad1 Rfe8 20. Qh5 Qe6 21.
Nxd5 Bxd5 22. Bxd5 1-0

[Event "AUTO-INT-357"]
[Site "http://www.queenalice.com/game.php?id=172702"]
[Date "2007.2.22"]
[Round "1"]
[White "catlinb"]
[Black "xmas"]
[Result "0-1"]
[WhiteElo "1518"]
[BlackElo "1693"]

1. e4 e6 2. d4 d5 3. Nd2 Nc6 4. Ngf3 Bb4 5. c3 Be7 6. Bd3 Nf6 7. e5 Nd7 8. O-O
O-O 9. Qc2 g6 10. Nb3 a6 11. Be3 b5 12. Qd2 Bb7 13. Bg5 f6 14. exf6 Nxf6 15.
Rfe1 Nh5 16. Bxe7 Qxe7 17. Ng5 Qf6 18. Nxe6 Rfe8 19. Nxc7 Rxe1+ 20. Rxe1 Rc8 21.
Nxd5 Qh4 22. Qe2 Rd8 23. Ne7+ Nxe7 24. Qxe7 Qxe7 25. Rxe7 Ba8 26. Bc2 Nf4 27. g3
Nd5 0-1

[Event "AUTO-INT-357"]
[Site "http://www.queenalice.com/game.php?id=172725"]
[Date "2007.2.22"]
[Round "1"]
[White "catlinb"]
[Black "paulouk"]
[Result "0-1"]
[WhiteElo "1559"]
[BlackElo "1633"]

1. e4 e5 2. Nf3 d6 3. d4 exd4 4. Nxd4 c5 5. Bb5+ Bd7 6. Bxd7+ Qxd7 7. Nf3 Nf6 8.
Nc3 h6 9. O-O Be7 10. Re1 Nc6 11. e5 dxe5 12. Qxd7+ Nxd7 13. Nd5 O-O 14. Nxe7+
Nxe7 15. Nxe5 Rad8 16. Bf4 g5 17. Nxd7 Rxd7 18. Bd6 Rxd6 19. Rxe7 Rfd8 20. h3
Rd2 21. Rxb7 Rxc2 22. Rxa7 Rxb2 23. Rc1 Rdd2 24. Ra8+ Kg7 25. Rxc5 Rxf2 26. a4
Rxg2+ 27. Kh1 Rh2+ 28. Kg1 Rxh3 29. Rf5 Rg3+ 30. Kh1 Kg6 31. Rb5 Re2 32. Rb1 f5
33. Rh8 Re6 34. Rg1 f4 35. Rxg3 fxg3 36. Rd8 Re2 37. a5 g2+ 38. Kg1 Kh5 39. a6
Kh4 40. Rd3 Ra2 41. Rd6 h5 0-1

[Event "AUTO-INT-357"]
[Site "http://www.queenalice.com/game.php?id=172726"]
[Date "2007.2.22"]
[Round "1"]
[White "paulouk"]
[Black "catlinb"]
[Result "1-0"]
[WhiteElo "1495"]
[BlackElo "1519"]

1. e4 c5 2. Nf3 d6 3. h3 Nf6 4. Nc3 Nc6 5. d4 cxd4 6. Nxd4 e6 7. Bb5 a6 8. Bxc6+
bxc6 9. Nxc6 Qb6 10. Nd4 Bb7 11. f3 Be7 12. O-O O-O 13. Na4 Qc7 14. c3 e5 15.
Nf5 Rac8 16. Be3 d5 17. Bb6 Qd7 18. b3 Rfe8 19. Ba7 dxe4 20. fxe4 Qxd1 21. Rfxd1
Bxe4 22. Ne3 Red8 23. Nc4 Rxd1+ 24. Rxd1 Nd5 25. Nxe5 Nxc3 26. Re1 Bh4 27. Rf1
Ne2+ 28. Kh2 Bg3+ 29. Kh1 Rc1 30. Rxc1 Nxc1 31. Nc5 Bxe5 32. Nxe4 f5 33. Nc5
Nxa2 34. Nxa6 Kf7 35. Nc5 Nc3 36. Nd3 Bd6 37. b4 Nb5 38. Bf2 Ke6 39. Kg1 Kd5 40.
g3 Kc4 41. Nb2+ Kxb4 42. Nd1 Nc3 43. Be1 Kc4 44. Nxc3 Kd3 45. Nb5 1-0

[Event "Let's Play Chess!"]
[Site "http://www.queenalice.com/game.php?id=200434"]
[Date "2007.4.21"]
[Round "-"]
[White "saraquette"]
[Black "catlinb"]
[Result "1-0"]
[WhiteElo "1768"]
[BlackElo "1535"]

1. d4 Nf6 2. Nf3 e6 3. a3 Be7 4. h3 b6 5. Bf4 Bb7 6. e3 O-O 7. Be2 c5 8. c3 Nc6
9. O-O Nd5 10. Bh2 d6 11. e4 Nf6 12. e5 Nd5 13. c4 Nc7 14. d5 exd5 15. cxd5 Nd4
16. Nxd4 cxd4 17. Qxd4 Nxd5 18. Bf3 dxe5 19. Qxe5 Bf6 20. Qe2 Re8 21. Qd2 Bg5
22. Qd3 1-0

[Event "Let's Play Chess!"]
[Site "http://www.queenalice.com/game.php?id=200435"]
[Date "2007.4.21"]
[Round "-"]
[White "adlerburg"]
[Black "catlinb"]
[Result "1-0"]
[WhiteElo "1678"]
[BlackElo "1546"]

1. e4 c5 2. Nf3 d6 3. Bc4 Nf6 4. Ng5 e6 5. Nc3 a6 6. d4 cxd4 7. Qxd4 Nc6 8. Qd1
Be7 9. O-O Ne5 10. Qe2 Nxc4 11. Qxc4 b5 12. Qc6+ Bd7 13. Qb7 O-O 14. e5 dxe5 15.
Qf3 Rc8 16. Nge4 Nxe4 17. Nxe4 Bc6 18. Rd1 Qb6 19. Be3 Bxe4 20. Qxe4 1-0

[Event "Let's Play Chess!"]
[Site "http://www.queenalice.com/game.php?id=200838"]
[Date "2007.4.22"]
[Round "-"]
[White "KaspaBranca"]
[Black "catlinb"]
[Result "1-0"]
[WhiteElo "1961"]
[BlackElo "1535"]

1. d4 Nf6 2. g3 e6 3. c4 b6 4. Nf3 Ba6 5. b3 Bb4+ 6. Bd2 Be7 7. Bg2 c6 8. Bc3
Ne4 9. Bb2 d5 10. O-O Nd7 11. Nbd2 f5 12. Qc2 O-O 13. Ne5 Nxe5 14. dxe5 Nxd2 15.
Qxd2 dxc4 16. Qc2 cxb3 17. Qxc6 1-0

[Event "play Chess"]
[Site "http://www.queenalice.com/game.php?id=236060"]
[Date "2007.7.7"]
[Round "-"]
[White "Brag88"]
[Black "catlinb"]
[Result "0-1"]
[WhiteElo "1263"]
[BlackElo "1482"]

1. c4 e5 2. Nc3 Nf6 3. e4 Bb4 4. Nf3 Nc6 5. d3 O-O 6. Be3 d6 7. Qb3 Bxc3+ 8.
Qxc3 Ng4 9. Bg5 f6 10. Be3 Nxe3 11. fxe3 Bg4 12. Be2 Bxf3 13. Bxf3 a5 14. O-O
Qe7 15. a3 Nd8 16. b4 axb4 17. axb4 Ne6 18. b5 b6 19. d4 exd4 20. exd4 c5 21.
Qd2 Nxd4 22. Qf4 Nxf3+ 0-1

[Event "Let's Play Chess!"]
[Site "http://www.queenalice.com/game.php?id=236098"]
[Date "2007.7.7"]
[Round "-"]
[White "ChrisDavison102"]
[Black "catlinb"]
[Result "1-0"]
[WhiteElo "1872"]
[BlackElo "1502"]

1. e4 e6 2. d4 d5 3. e5 c5 4. c3 Qb6 5. Nf3 Nc6 6. a3 Nh6 7. h3 cxd4 8. cxd4 Nf5
9. Nc3 Nfxd4 10. Nxd4 Bc5 11. Na4 1-0

[Event "Let's Play Chess!"]
[Site "http://www.queenalice.com/game.php?id=236110"]
[Date "2007.7.7"]
[Round "-"]
[White "catlinb"]
[Black "ChrisDavison102"]
[Result "0-1"]
[WhiteElo "1500"]
[BlackElo "1940"]

1. d4 Nf6 2. c4 g6 3. Nc3 Bg7 4. e4 d6 5. Be2 O-O 6. Nf3 Bg4 7. Be3 Nbd7 8. O-O
c5 9. d5 a6 10. h3 Bxf3 11. Bxf3 Ne5 12. b3 Rb8 13. Be2 Ned7 14. Bg4 Nxg4 15.
Qxg4 Ne5 16. Qd1 b5 17. Rc1 bxc4 18. bxc4 Nxc4 0-1

[Event "Let's Play Chess!"]
[Site "http://www.queenalice.com/game.php?id=236720"]
[Date "2007.7.8"]
[Round "-"]
[White "catlinb"]
[Black "mp3"]
[Result "0-1"]
[WhiteElo "1498"]
[BlackElo "1510"]

1. d4 d5 2. c4 dxc4 3. Nf3 b5 4. a4 c6 5. e3 Bg4 6. Nc3 e6 7. axb5 Bb4 8. Bxc4
Nf6 9. bxc6 Nxc6 10. Qa4 O-O 11. Qxc6 Qc8 12. Qxc8 Rfxc8 13. Ne5 Bf5 14. O-O Ne4
15. Nxe4 Bxe4 16. Ba6 Rc2 0-1